01589nam a2200217 a 450000100100000000500170001000800410002702000150006804000250008308200210010810000310012924500520016026000460021230000240025850000420028250000550032450000370037950508420041660000520125865100610131000001080820200929162308.0091012s2001 dr a 000 0 spa d a9993401897 aDO-SdBNPbspacBNPHU a320.97293bP515r1 aPeynado, Jacinto B.d1941-10aReinvención de Estado /cJancinto B. Peynado. aSanto Domingo :bCocolo Editorial,c2001. av. :bil. ;c23 cm. aIncluye notas al pie de las páginas aIncluye notas biográficas del autor en la solapa aLa biblioteca posee el tomo III.0 aReinvención del Estado: realidad o retórica -- El papel del Estado en el desarrollo económico -- Desarrollo social -- R. D. frente a los retos de la internacionalización de los mercados -- Seguridad de las Naciones Islas del Caribe -- Consenso para el desarrollo -- Feria agropecuaria e industrial '95 -- La construcción en el desarrollo económico de R. D -- Encuentro cooperativo, trinacional y Foro cooperativo Caribeño -- Drogas: un problema universal -- Políticas de juventud ideas e ideales -- Deporte como cultura y recreación -- Control de drogas -- La R.D.: oportunidades bajo el nuevo modelo económico -- Proyecciones y alternativas de política exterior de la R.D -- Retos y oportunidades para un mayor intercambio comercial entre Puerto Rico y la República Dominicana -- Congreso mundial de periodistas.14aPEYNADO GARRIOSA, JACINTO BIENVENIDOxDISCURSOS 4aRepública DominicanaxPolítica Y GobiernoxDiscursos